000 01365cam a22003257a 4500
020 _a9780970991508
020 _a0970991509
040 _cGDC
082 0 0 _a613 FUN 2012 A056 Or.
245 0 0 _aBioaerosols, fungi and mycotoxins :
_bin indoor and outdoor environments and human health /
260 _aAlbany, N.Y. :
_bFungal Research Group,
_cc2012.
300 _a391 p. :
_bill. ;
_c23 cm.
500 _a"These are the proceedings of the 6th International Scientific Conference on Bioaerosols, Fungi, Bacteria, Mycotoxins in Indoor and Outdoor Environments and Human Health, September 6-9, 2011, Saratoga Springs, New York ..."--T.p.
500 _aThis conference was organized by the Fungal Research Group Foundation in coorperation with the U.S. Environmental Protection Agency and jointly sponsored with the Mount Sinai School of Medicine...--p. 2.
650 0 _aMycoses.
650 0 _aIndoor air pollution
650 1 2 _aAir Microbiology
650 1 2 _aFungi
650 1 2 _aMycotoxins
650 2 2 _aAir Pollutants, Environmental
650 2 2 _aAir Pollution, Indoor
650 2 2 _aEnvironmental Health
650 2 2 _aOccupational Health
700 1 _aJohanning, Eckardt.
700 1 _aMorey, Philip R.
700 1 _aAuger, Pierre.
710 2 _aFungal Research Group Foundation.
710 2 _aMount Sinai School of Medicine.
942 _cEK
999 _c15591
_d15591